000 00633cam a22002293a 4500
001 3061
003 PGUSA
005 20140828083025.0
008 020201s2002||||xxu|||||s|||||000 | eng d
040 _aPGUSA
_beng
042 _adc
050 4 _aDG
100 1 _aMommsen, Theodor,
_d1817-1903
245 1 0 _aRömische Geschichte — Band 2
_h[electronic resource] /
_cTheodor Mommsen
260 _bProject Gutenberg,
_c2002
506 _aPublic domain in the USA.
516 _aElectronic text
653 _aRome -- History
830 0 _aProject Gutenberg
_v3061
856 4 0 _uhttp://www.gutenberg.org/ebooks/3061
942 _cEB
999 _c232390
_d232390